000
00325nam a22001217a 4500
008
180601b xxu||||| |||| 00| 0 eng d
041
_a
eng
080
_a
043.3
100
_a
0
101
_a
SI-BTH
245
_a
Ndikimi i teknologjisë informative në menaxhimin efektiv të Burimeve Njerëzore
_c
Sejdiji,D
942
_2
udc
_c
BK
999
_c
46243
_d
46243